Мазепа (Запис № 318852)

МАРК-запис
000 -Лідер
fixed length control field 00787nam a22002657a 4500
001 - Контрольний номер
control field 32409
003 - Ідентифікатор контрольного номера
control field UA-OsUOA
005 - Дата та час останнього входження (трансакції)
control field 20260401105024.0
007 - Фіксоване поле фізичного опису
fixed length control field ta
008 - Елементи даних фіксованої довжини – загальна інформація
fixed length control field 20050201b un ||||| |||| 00| 0 ukr d
020 ## - Міжнародний стандартний книжковий номер (ISBN)
Міжнародний стандартний книжковий номер (ISBN) (НП) 5771505706
040 ## - Джерело каталогізації
Агенція оригінальної каталогізації UA-OsUOA
Мова каталогізації ukr
Агенція, яка здійснювала перезапис UA-OsUOA
Агенція, яка здійснювала модифікацію UA-OsUOA
041 ## - Код мови
Код мови тексту/ звукової доріжки чи окремого заголовка (П) ukr
044 ## - Код країни видавця/ виробника
Код країни видавця/ виробника (П) UA
080 ## - Індекс Універсальної десяткової класифікації
Індекс Універсальної десяткової класифікації (УДК) (НП) 94(477).044.1
090 ## - Локальний шифр розміщення
Класифікаційний індекс УДК 94(477).044.1
Авторський знак (НП) М13
245 ## - Відомості про назву
Назва (НП) Мазепа
Решта назви (НП) збірник
Дані про відповідальність (НП) упоряд. Ю. І. Іванченко
260 ## - Публікація, розповсюдження і т.п. (Вихідні дані)
Місце публікації, розповсюдження і т.п. (П) Київ
Ім’я/ наймення видавництва, розповсюджувача і т.п. (П) Мистецтво
Дата публікації, розповсюдження і т.п. (П) 1993
300 ## - Фізичний опис
Обсяг 240 с.
Інші фізичні характеристики (НП) іл.
650 #7 - Додаткове предметне введення – тематичний термін
Джерело заголовка чи терміна UDC
Тематичний термін чи географічна назва, як елемент введення (НП) 94(477) Історія України
9 (RLIN) 40
700 1# - Додаткове введення – ім'я особи
Ім’я особи (НП) Іванченко Ю. І.
Термін відношення упоряд.
9 (RLIN) 24279
942 ## - Додаткові елементи входу (Коха)
Тип елемента Koha Книги
Source of classification or shelving scheme Universal Decimal Classification
955 ## - Код типу видання за змістом
Код типу видання за змістом (НП) Наукові видання
Фонди
Стан вилучень Стан втрат Джерело класифікації або схеми стелажів Стан уражень Не для кредиту Постійне місце розташування Поточне розміщення Дата придбання Вартість, звичайна ціна покупки Інвентарний номер Усього замовленно Повний номер виклику Штрих-код Дата останнього перегляду Ціна ефективна від Тип елемента Koha Код колекції Джерело придбання Вартість, ціна заміни
    Universal Decimal Classification     АБ - Абонемент НБ АБ - Абонемент НБ 05/03/2026 25.00     94(477).044.1 М13 169469 05/03/2026 05/03/2026 Книги Колекція Шевчука Валерія 08/02.03.2026 25.00
    Universal Decimal Classification     ЧЗ - Читальна зала ЧЗ - Читальна зала 01/02/2005 5.00 80200   94(477).044.1 М13 80200 07/02/2022 01/02/2005 Книги